000 00925nam a22003137a 4500
003 CHAP
005 20220329135956.0
008 971013s1970 r 00010 d
010 _a44985
011 _a45957
035 _a50097
040 _cCHAP
082 _a519.53
_bR3
100 0 0 _aRascón C., Octavio A.
_994702
245 _aIntroducción a la estadística descriptiva
260 _aMéxico, D. F. :
_bUNAM,
_c1970
300 _av.
490 _aTextos programados
500 _aLa biblioteca tiene : v.1
590 _aBATCH-UPD
_b10
_c20130110
_lUCH01
_h2106
590 _aBATCH-UPD
_b10
_c20130410
_lUCH01
_h1418
590 _aBATCH-UPD
_b10
_c20130914
_lUCH01
_h1324
590 _aCONVERSION
_b10
_c20130109
_lUCH01
_h1325
650 1 4 _aEstadística.
_938241
830 0 _aTextos programados
_9112580
901 _aBK
942 _cLIBRO
949 _a519.53 R3
_bBC
_cLIBRO
_d-112723
_eLIBRO
_fv.1
_h31454
_i50097
_si
999 _c44985
_d44985